Wszyscy strzelcy bramek w Lidze Mistrzów 2023/24 - Statystyki

Ogólne statystyki
  • Ten quiz został rozwiązany 31 razy
  • Średni wynik to 83 z 205
Statystyki odpowiedzi
Klub Narodowość Zawodnik % Poprawnych
Barcelona Polska Robert Lewandowski
96%
Arsenal Anglia Bukayo Saka
83%
Bayern Anglia Harry Kane
83%
PSG Francja Kylian Mbappé
83%
Real Madryt Maroko Brahim Diaz
78%
Inter Mediolan Argentyna Lautaro Martinez
78%
Arsenal Belgia Leandro Trossard
78%
Arsenal Norwegia Martin Ødegaard
78%
Bayern Kanada Alphonso Davies
74%
Barcelona Dania Andreas Christensen
74%
Atlético Madryt Francja Antoine Griezmann
74%
Manchester City Norwegia Erling Haaland
74%
Real Madryt Urugwaj Federico Valverde
74%
Barcelona Hiszpania Gavi
74%
Barcelona Portugalia João Cancelo
74%
Real Madryt Anglia Jude Bellingham
74%
Arsenal Niemcy Kai Havertz
74%
Inter Mediolan Austria Marko Arnautović
74%
Napoli Polska Piotr Zieliński
74%
Real Madryt Brazylia Rodrygo
74%
Bayern Niemcy Thomas Müller
74%
Real Madryt Brazylia Vinicius Júnior
74%
Manchester City Portugalia Bernardo Silva
70%
Manchester United Portugalia Bruno Fernandes
70%
Milan USA Christian Pulisic
70%
Barcelona Hiszpania Ferran Torres
70%
Arsenal Brazylia Gabriel Jesús
70%
Arsenal Brazylia Gabriel Martinelli
70%
Barcelona Portugalia João Félix
70%
Real Madryt Hiszpania Joselu
70%
Manchester City Belgia Kevin de Bruyne
70%
Bayern Niemcy Leroy Sané
70%
Manchester City Szwajcaria Manuel Akanji
70%
PSG Francja Ousmane Dembélé
70%
Manchester City Anglia Phil Foden
70%
Lens Polska Przemysław Frankowski
70%
Barcelona Brazylia Raphinha
70%
Manchester United Dania Rasmus Højlund
70%
Manchester United Szkocja Scott McTominay
70%
Bayern Niemcy Serge Gnabry
70%
PSG Maroko Achraf Hakimi
65%
Newcastle Szwecja Alexander Isak
65%
Inter Mediolan Chile Alexis Sánchez
65%
Napoli Kamerun André-Frank Zambo Anguissa
65%
Manchester United Brazylia Casemiro
65%
Real Madryt Hiszpania Daniel Carvajal
65%
Borussia Dortmund Holandia Donyell Malen
65%
Inter Mediolan Turcja Hakan Çalhanoglu
65%
Manchester City Belgia Jérémy Doku
65%
Arsenal Włochy Jorginho
65%
Bayern Niemcy Joshua Kimmich
65%
Manchester City Chorwacja Joško Gvardiol
65%
Manchester City Argentyna Julián Álvarez
65%
Bayern Francja Kingsley Coman
65%
RB Lipsk Belgia Lois Openda
65%
Borussia Dortmund Austria Marcel Sabitzer
65%
Inter Mediolan Francja Marcus Thuram
65%
Atlético Madryt Holandia Memphis Depay
65%
PSG Słowacja Milan Škriniar
65%
Manchester City Norwegia Oscar Bobb
65%
Milan Portugalia Rafael Leão
65%
Manchester City Hiszpania Rodri
65%
Manchester United Argentyna Alejandro Garnacho
61%
RB Lipsk Słowenia Benjamin Šeško
61%
Lazio Włochy Ciro Immobile
61%
RB Lipsk Hiszpania Dani Olmo
61%
Napoli Włochy Giovanni Di Lorenzo
61%
Borussia Dortmund Anglia Jadon Sancho
61%
Newcastle Paragwaj Miguel Almirón
61%
Real Madryt Argentyna Nico Paz
61%
Napoli Nigeria Victor Osimhen
61%
RB Lipsk Węgry Willi Orbán
61%
Atlético Madryt Hiszpania Álvaro Morata
57%
Newcastle Szwajcaria Fabian Schär
57%
PSG Korea Płd. Kang-in Lee
57%
Borussia Dortmund Niemcy Mats Hummels
57%
Real Sociedad Hiszpania Mikel Oyarzabal
57%
Atlético Madryt Argentyna Rodrigo de Paul
57%
Borussia Dortmund WKS Sébastien Haller
57%
RB Lipsk Holandia Xavi Simons
57%
Atlético Madryt Argentyna Ángel Correa
52%
PSG Francja Bradley Barcola
52%
Napoli Włochy Giacomo Raspadori
52%
Manchester United Anglia Harry Maguire
52%
Bayern Niemcy Jamal Musiala
52%
PSG Francja Lucas Hernández
52%
Galatasaray Argentyna Mauro Icardi
52%
Porto Iran Mehdi Taremi
52%
PSG Portugalia Vitinha
52%
Inter Mediolan Włochy Federico Dimarco
48%
Napoli Argentyna Giovanni Simeone
48%
Borussia Dortmund Niemcy Julian Brandt
48%
Borussia Dortmund Niemcy Karim Adeyemi
48%
PSV Holandia Luuk de Jong
48%
Borussia Dortmund Niemcy Marco Reus
48%
Milan Francja Olivier Giroud
48%
Feyenoord Meksyk Santiago Giménez
48%
Benfica Argentyna Ángel di Maria
43%
RB Lipsk Szwecja Emil Forsberg
43%
Barcelona Hiszpania Fermin López
43%
Galatasaray Maroko Hakim Ziyech
43%
Newcastle Brazylia Joelinton
43%
Real Sociedad Hiszpania Mikel Merino
43%
Sevilla Hiszpania Sergio Ramos
43%
Sevilla Maroko Youssef En-Nesyri
43%
Napoli Kosowo Amir Rrahmani
39%
Newcastle Anglia Dan Burn
39%
Real Madryt Hiszpania Dani Ceballos
39%
Porto Brazylia Galeno
39%
Borussia Dortmund Anglia Jamie Gittens
39%
Atlético Madryt Hiszpania Mario Hermoso
39%
Milan Nigeria Samuel Chukwueze
39%
Atlético Madryt Brazylia Samuel Lino
39%
PSG Francja Warren Zaire-Emery
39%
Borussia Dortmund Holandia Ian Maatsen
35%
Benfica Portugalia João Mário
35%
Napoli Włochy Matteo Politano
35%
Porto Portugalia Pepe
35%
Porto Brazylia Pepê
35%
PSG Francja Randal Kolo Muani
35%
Arsenal Anglia Eddie Nketiah
30%
PSV Belgia Johan Bakayoko
30%
Napoli Norwegia Leo Østigård
30%
Bayern Francja Mathys Tel
30%
Union Berlin Czechy Alex Král
26%
Union Berlin WKS David Datro Fofana
26%
Lazio Włochy Ivan Provedel
26%
Sevilla Argentyna Lucas Ocampos
26%
Atlético Madryt Hiszpania Saúl Ñiguez
26%
Union Berlin Surinam Sheraldo Becker
26%
Feyenoord Słowacja Dávid Hancko
22%
Borussia Dortmund Niemcy Felix Nmecha
22%
Galatasaray Turcja Kerem Aktürkoglu
22%
Lazio Urugwaj Matiás Vecino
22%
RB Lipsk Francja Mohamed Simakan
22%
Sevilla Serbia Nemanja Gudelj
22%
Atlético Madryt Hiszpania Pablo Barrios
22%
Lazio Hiszpania Pedro
22%
RB Lipsk Niemcy David Raum
17%
Kopenhaga Portugalia Diego Gonçalves
17%
Lens Francja Elye Wahi
17%
Crvena Zvezda Korea Płd. In-beom Hwang
17%
Union Berlin Niemcy Kevin Volland
17%
Celtic Glasgow Japonia Kyogo Furuhashi
17%
Celtic Glasgow Honduras Luis Palma
17%
Barcelona Hiszpania Marc Guiu
17%
Benfica Portugalia Rafa
17%
Galatasaray Francja Sacha Boey
17%
Porto Kanada Stephen Eustáquio
17%
RB Lipsk Austria Xaver Schlager
17%
Real Sociedad Hiszpania Ander Barrenetxea
13%
Antwerp Belgia Arthur Vermeeren
13%
Porto Brazylia Evanilson
13%
Shakhtar Donieck Ukraina Georgiy Sudakov
13%
Manchester City Anglia Kalvin Phillips
13%
Red Bull Salzburg Chorwacja Luka Sučić
13%
Manchester City Anglia Micah Hamilton
13%
Newcastle Anglia Sean Longstaff
13%
Antwerp Holandia Vincent Janssen
13%
Galatasaray WKS Wilfried Zaha
13%
Feyenoord Iran Alireza Jahanbakhsh
9%
Braga Hiszpania Álvaro Djaló
9%
Benfica Brazylia Arthur Cabral
9%
Braga Portugalia Bruma
9%
Galatasaray DRK Cédric Bakambu
9%
Young Boys Szwajcaria Cedric Itten
9%
Crvena Zvezda Senegal Cherif Ndiaye
9%
Shakhtar Donieck Ukraina Danylo Sikan
9%
Antwerp Belgia Michel-Ange Balikwisha
9%
Kopenhaga Norwegia Mohamed Elyounoussi
9%
Shakhtar Donieck Ukraina Mykola Matvienko
9%
PSV USA Ricardo Pepi
9%
Union Berlin Niemcy Robin Gosens
9%
Red Bull Salzburg Chorwacja Roko Simić
9%
Galatasaray Brazylia Tetê
9%
Shakhtar Donieck Ukraina Yaroslav Rakitskyi
9%
Lens Francja Adrien Thomasson
4%
Crvena Zvezda Serbia Aleksandar Katai
4%
Antwerp Nigeria Alhassan Yusuf
4%
Lens Francja Angelo Fulgini
4%
Antwerp Albania Arbnor Muja
4%
Feyenoord Holandia Calvin Stengs
4%
Braga Portugalia Castro
4%
Inter Mediolan Włochy Davide Frattesi
4%
Young Boys Gambia Ebrima Colley
4%
Shakhtar Donieck Brazylia Eguinaldo
4%
Young Boys Szwajcaria Filip Ugrinić
4%
Porto Portugalia Francisco Conceição
4%
Antwerp Francja George Ilenikhena
4%
Celtic Glasgow Szwecja Gustaf Lagerbielke
4%
PSV Maroko Ismaël Saibari
4%
PSV Holandia Jordan Teze
4%
Shakhtar Donieck Wenezuela Kevin Kelsy
4%
Young Boys Szwajcaria Lewin Blum
4%
Crvena Zvezda Nowa Zelandia Marko Stamenić
4%
Feyenoord Holandia Mats Wieffer
4%
Young Boys DRK Meschack Elia
4%
Red Bull Salzburg Argentyna Oscar Gloukh
4%
Crvena Zvezda Ghana Osman Bukari
4%
Feyenoord Algieria Ramiz Zerrouki
4%
Kopenhaga Szwecja Roony Bardghji
4%
Braga Mali Sikou Niakaté
4%
Feyenoord Gambia Yankuba Minteh
4%
PSV Belgia Yorbe Vertessen
4%
Kopenhaga Dania Magnus Mattsson
0%
Nie znaleziono quizów pasujących do podanych kryteriów
Rozkład punktacji
Procent ludzi z każdym wynikiem
Percentyl według liczby udzielonych odpowiedzi
Twoja historia wyników
Nie rozwiązałeś tego quizu